000 01081nam0a22002891 4500
001 rc\831168
005 20260408163108.0
035 _a(NLR Aleph) 006013191
090 _a7350092
_c7350092
100 _a20041129d1983 |||y0rusy50 ca
101 0 _arus
102 _aRU
105 _aa |||||||||
200 1 _aДомик Петра I
_eПутеводитель по музею
210 _aЛ.
_cЛениздат
_d1983
215 _a59 с.
_cил.
_d16
320 _aБиблиогр. в примеч. в конце кн.
600 0 _aПетр
_cимператор российский
_dI
_f1672 - 1725
_91224899
_3RU\NLR\AUTH\66180638
601 0 2 _a"Домик Петра I", музей
_cЛенинград, город
_3RU\NLR\AUTH\66384052
_91009415
700 1 _aЗязева
_bЛ.К.
_gЛидия Константиновна
712 0 2 _4570
_a"Домик Петра I", музей
_cЛенинград
_3RU\NLR\AUTH\8810065681
_9632957
801 0 _aRU
_bNLR
_gpsbo
801 1 _aRU
_bELAR
_2rusmarc
852 _aNLR
_j83-2/1839
942 _cBOOK
980 _aNB